LIBRARY & INFORMATION CENTRE, KCAET, TAVANUR

ONLINE PUBLIC ACCESS CATALOGUE (OPAC)

Practical automobile engineering / (Record no. 11709)

MARC details
000 -LEADER
fixed length control field 00367cam a2200145ua 4500
003 - CONTROL NUMBER IDENTIFIER
control field OSt
008 - FIXED-LENGTH DATA ELEMENTS--GENERAL INFORMATION
fixed length control field 211118b ||||| |||| 00| 0 eng d
082 ## - DEWEY DECIMAL CLASSIFICATION NUMBER
Classification number 629.2
Item number GUP/PR
100 ## - MAIN ENTRY--AUTHOR NAME
Personal name Gupta, .
245 ## - TITLE STATEMENT
Title Practical automobile engineering /
260 ## - PUBLICATION, DISTRIBUTION, ETC. (IMPRINT)
Place of publication Newdelhi :
Name of publisher New heights ,
Year of publication 1961.
300 ## - PHYSICAL DESCRIPTION
Number of Pages 448 ; .
700 1# - ADDED ENTRY--PERSONAL NAME
Personal name Kaushish, .
942 ## - ADDED ENTRY ELEMENTS (KOHA)
Koha item type Books
Holdings
Withdrawn status Lost status Damaged status Home library Current library Date acquired Full call number Accession Number Koha item type Collection code Shelving location Cost, normal purchase price
      KAUAET KAUAET 26/03/1986 629.2 15226 Books      
      KAUAET KAUAET 26/03/1986 629.2 15224 Books      
      KAUAET KAUAET 12/02/1986 629.2 GUP/PR 14881 Books Non-fiction General Stacks 27.75
    Damaged KAUAET KAUAET 26/03/1986 629.2 GUP/PR 15225 Books      
      KAUAET KAUAET 12/02/1986 629.2 GUP/PR 14882 Books      
free website counter